000 00842nam a2200217Ia 4500
003 GCL
005 20240530101742.0
008 140319s9999 xx 000 0 ara d
040 _aGCL /
_cGCL
082 0 4 _a932
_bق/ب ك
100 1 _aبرستيد، جيمس هنرى
245 1 0 _aكتاب تاريخ مصر من اقدم العصور الى الفتح الفارسى /
_cتاليف برستيد، جيمس هنرى ؛ ترجمة حسن كمال ؛ راجعه وصححه محمد حسين الغمراوى
250 _aط1
260 _aالقاهرة :
_bالمطبعة الاميرية ،
_c1929
300 _a409 ص؛
_c26 سم
650 0 4 _aمصر القديمة
650 0 4 _aالعصر القديم
700 1 _aحسن كمال
_eمترجم
700 1 _aمحمد حسين الغمراوى
_eمراجع
942 _2ddc
_cBK
999 _c27492
_d27492